Geography Quiz

Random Geography or Blitz Quiz

Most Tourists by Continent Blitz Quiz Stats

Quiz Updated Sep 6, 2016

Challenge
Share
Tweet
Embed
Score 0/30 Timer 03:00
0 Plays Today
% Correct
United States (75,011,000)
99%
Canada (16,537,000)
98%
Mexico (29,346,000)
97.7%
Brazil (6,430,000)
97.1%
China (55,622,000)
97%
France (83,767,000)
94.6%
Argentina (5,931,000)
92.2%
Australia (6,868,000)
90.3%
South Africa (9,549,000)
90.2%
Germany (32,999,000)
88.8%
Italy (48,576,000)
88.5%
Spain (64,995,000)
87.8%
Egypt (9,628,000)
87.7%
Chile (3,674,000)
87.3%
New Zealand (2,772,000)
86.1%
% Correct
Peru (3,215,000)
84.4%
Russia (32,421,000)
79.9%
Cuba (2,970,000)
66.8%
Thailand (24,810,000)
65.5%
Morocco (10,283,000)
63.8%
Fiji (693,000)
62.1%
Uruguay (2,628,000)
57.8%
Turkey (39,811,000)
51.4%
Turkey (39,811,000)
51.4%
Dominican Republic (4,563,000)
41%
Nigeria (4,673,000)
38.9%
Papua New Guinea (182,000)
38.1%
Malaysia (27,437,000)
37.2%
Tunisia (6,069,000)
35.5%
Palau (141,000)
21.8%

You're not logged in!

Compare scores with friends on all Sporcle quizzes.
Join for Free
OR
Log In

You Might Also Like...

Show Comments

Extras

Top Quizzes Today


Score Distribution

Your Account Isn't Verified!

In order to create a playlist on Sporcle, you need to verify the email address you used during registration. Go to your Sporcle Settings to finish the process.

Report this User

Report this user for behavior that violates our Community Guidelines.

Details: